000 00345nam a2200145Ia 4500
008 090124s9999 xx 000 0 und d
082 _b301516
245 _a कसोटी
250 _a1
260 _bकर्णिक हेमन
_c1985
300 _a160
630 _a कसोटी
730 _a कसोटी
942 _cBOOK
999 _c191091
_d191091